Central Library, Doon University
WEBOPAC (ONLINE PUBLIC ACCESS CATALOGUE)

Heat Thermodynamics And Statistical Physics (Record no. 60452)

MARC details
000 -LEADER
fixed length control field 00517nam a22002057a 4500
005 - DATE & TIME
control field 20260225162944.0
008 - FIXED-LENGTH DATA ELEMENTS--GENERAL INFORMATION
fixed length control field 260225b |||||||| |||| 00| 0 eng d
020 ## - ISBN
International Standard Book Number 9788121928137
Price 825.00
040 ## - CATALOGING SOURCE
Original cataloging agency Doon University
041 ## - Language
Language English
082 ## - DDC NUMBER
Classification number 539.7
Book Number LAL
100 ## - MAIN ENTRY--PERSONAL NAME
Personal name Lal, Brij
245 ## - TITLE STATEMENT
Title Heat Thermodynamics And Statistical Physics
260 ## - PUBLICATION, DISTRIBUTION, ETC. (IMPRINT)
Place of publication, distribution, etc New Delhi
Name of publisher, distributor, etc S. Chand
Date of publication, distribution, etc 2024
300 ## - PHYSICAL DESCRIPTION
Pages 1067
650 ## - Subject
Subject Physics
700 ## - Added Entry Personal Name
Added Entry Personal Name Subrahmanyam, N.
700 ## - Added Entry Personal Name
Added Entry Personal Name Hemne, P. S
942 ## - ADDED ENTRY ELEMENTS (KOHA)
Koha item type Books
100 ## - MAIN ENTRY--PERSONAL NAME
-- 6234
700 ## - Added Entry Personal Name
-- 12451
952 ## - LOCATION AND ITEM INFORMATION (KOHA)
-- 2026-02-25
952 ## - LOCATION AND ITEM INFORMATION (KOHA)
-- 2026-02-25
952 ## - LOCATION AND ITEM INFORMATION (KOHA)
-- 2026-02-25
Holdings
Withdrawn status Lost status Source of classification or shelving scheme Damaged status Not for loan Location (home branch) Sublocation or collection (holding branch) Date acquired Koha full call number Accession No. Koha date last seen Koha item type Koha issues (times borrowed)
        Not For Loan Doon University Doon University 25.02.2026 539.7 LAL 53095 25.02.2026 Reference  
          Doon University Doon University 25.02.2026 539.7 LAL 53096 25.02.2026 Books  
          Doon University Doon University 25.02.2026 539.7 LAL 53097 25.02.2026 Books  
Contact : +91-135-2533126 (Library),+91-135-2533105 (Admin Office) , Email : doonlibrary@gmail.com

Powered by Koha